000 00640nam a2200193Ia 4500
003 OSt
005 20260428162113.0
008 210210b1987 xxu||||| |||| 00| 0 eng d
040 _cAL
041 _aKannada
082 _a375.6137K NADS
100 _aNadagira (K.G) and Nadagira (Ananda)
_dಕೆ.ಜಿ. ನಾಡಗೀರ ಮತ್ತು ಆನಂದ ನಾಡಗೀರ
_9263104
245 _aShareera shikshana parichaya.
_bಶರೀರ ಶಿಕ್ಷಣ ಪರಿಚಯ.
260 _aDharavada
_bShareera shikshana prakashana
_c1987
300 _a153
690 _aPhysical Education
_9263105
906 _a044125
942 _2ddc
_cBK
999 _c93912
_d93912